Avatar: The Last Airbender Ultimate Character Quiz - Statistics

General Stats
  • This quiz has been taken 2,276 times
  • The average score is 36 of 102
Answer Stats
Air Nomads % Correct
Avatar Aang
99%
Katara
97%
Sokka
95%
Zuko
92%
Azula
91%
Appa
90%
Momo
89%
Firelord Ozai
86%
Iroh
86%
Toph Beifong
86%
Gyatso
81%
Yu
80%
Mai
79%
Ty Lee
76%
Yue
76%
Avatar Roku
74%
Pakku
70%
Bumi
69%
Gran Gran
68%
Hakoda
66%
Kyoshi
64%
Firelord Sozin
62%
Suki
62%
Jet
61%
Firelord Azulon
58%
Lo
58%
Zhao
53%
Kya
51%
Li
49%
Ursa
49%
Koh
48%
Haru
46%
Yangchen
44%
Hama
43%
Long Feng
41%
Smellerbee
40%
The Boulder
40%
Bato
38%
Longshot
38%
The Duke
35%
Jeong Jeong
33%
Kuruk
33%
La
33%
Pipsqueak
33%
Bosco
31%
Earth King
31%
Hei bai
29%
Piandao
28%
Dock/Shu/Bushi
27%
Wan Shi Tong
27%
Tui
25%
Lu Ten
24%
Lee
23%
June
22%
Jin
21%
Shu
20%
Teo
20%
Cabbage Merchant
19%
Combustion Man
19%
Painted Lady
19%
The Big Bad Hippo
18%
Oma
17%
Hawky
16%
Guru Pathik
15%
Kuzon
15%
Huu
14%
Teo´s Father (Mechanist)
14%
Lion Turtle
13%
Fang
12%
Joo Dee
12%
Tom-Tom
12%
Nyla
11%
Aunt Wu
10%
Poppy Beifong
10%
Ran
10%
Due
9%
Fire Nation Man
9%
Xin Fu
9%
Hope
8%
Lao Beifong
8%
Shaw
8%
Tho
8%
Meng
7%
Miyuki
6%
Yon Rha
6%
Hanh
5%
Sneers
5%
Jinju
3%
Jin Wei
3%
Laghima
3%
The Gecko
3%
Wei Jin
3%
Yogoda
3%
Fluffykins
2%
Liu
2%
Mongke
2%
Pong
2%
Shyu
2%
The Gopher
2%
Headhunter
1%
No matching quizzes found
Score Distribution
Percent of People with Each Score
Percentile by Number Answered
Your Score History
You have not taken this quiz